Statistiques concernant Musique par lettre - M

Cliquez ici pour prendre le quiz!

Statistiques générales

  • Ce quiz a été pris 2 404 fois
  • Le résultat moyen est 9 sur 15

Statistiques - réponses

QuestionsRéponses% Correct
Chanteur d'origine libanaise et britannique, son premier album sorti en 2007 compte parmi ses titres "Relax, Take It Easy", "Grace Kelly"...Mika
93%
Chanson du groupe espagnol Los del Rio, connue pour la danse qui lui ait associéeMacarena
89%
Chanteur et musicien jamaïcain, surnommé "The King of reggae", qui a fait connaître la musique jamaïcaine et le mouvement rastafari au monde entierBob Marley
87%
Titre d'une chanson de Ricky Martin et prénom féminin, dont le refrain commence par : un, dos, tres...Maria
76%
Instrument donnant un signal visuel ou auditif permettant d'indiquer un tempoMétronome
72%
Groupe de pop-rock américain, dont le chanteur principal est Adam LevineMaroon 5
71%
Rappeur américain, son premier succès est une chanson nommée "Thrift Shop" produite en collaboration avec Ryan LewisMacklemore
59%
Nom d'une danse et de la chanson associée, popularisée au début des années 60, elle se danse en ligneLe Madison
56%
Chanteur américain, artiste controversé, son nom de scène fait référence à la fois à une icône majeure de la culture populaire et au gourou d'une secte commanditaire d'une série de meurtreMarilyn Manson
49%
Chanteur américain, co-fondateur du groupe "The Doors", mort à l'âge de 27 ansJim Morrison
46%
Groupe de pop rock espagnol, interprète de "Hijo de la luna", "Une femme avec une femme"...Mecano
44%
Chanteuse française, connu internationnalement, originaire d'Avignon, avec une coupe de cheveux emblématiqueMireille Mathieu
43%
Titre d'une chanson des Beatles, prénom féminin français, sortie en 1965 sur l'album "Rubber Soul"Michelle
38%
Chanteuse-rappeuse britannique, d'origine tamoule du Sri Lanka, qui a connue un grand succès avec les titres "Paper Planes" et "Bad Girls" sortis à la fin des années 2000M.I.A
34%
Chanteur français, né Claude Moine, chanteur du groupe de rock "Les Chaussettes Noires"Eddy Mitchell
33%

Distribution des résultats

Percentile par nombre de réponses

% des personnes avec chaque résultat

Votre développement - résultats

Vous n’avez pas pris ce quiz